THE OCEAN WORLD OF JACQUES COUSTEAU (Record no. 3006)
[ view plain ]
| 000 -LEADER | |
|---|---|
| fixed length control field | 00245nam a22001097a 4500 |
| 082 ## - DEWEY DECIMAL CLASSIFICATION NUMBER | |
| Classification number | 030 |
| Item number | DCH/O |
| 245 ## - TITLE STATEMENT | |
| Title | THE OCEAN WORLD OF JACQUES COUSTEAU |
| 260 ## - PUBLICATION, DISTRIBUTION, ETC. (IMPRINT) | |
| Name of publisher | ROBERT B CLARKE |
| 300 ## - PHYSICAL DESCRIPTION | |
| Number of Pages | 144 |
| 650 ## - SUBJECT ADDED ENTRY--TOPICAL TERM | |
| Topical Term | GENERAL KNOWLEDGE |
| Geographic subdivision | CANADA |
| 942 ## - ADDED ENTRY ELEMENTS (KOHA) | |
| Koha item type | Books |
| Withdrawn status | Lost status | Collection code | Home library | Current library | Shelving location | Date acquired | Source of acquisition | Full call number | Accession Number | Koha item type |
|---|---|---|---|---|---|---|---|---|---|---|
| Reference | Main Library | Main Library | SHELF 2-H -WORLD OF FACTS,ALL ABOUT NATION&ENCYCLOPEDIAS | 20/05/2004 | PURCHASE | 030 DCH/O | 01375 | Books |